000 00302nam a22001217a 4500
008 230607b xxu||||| |||| 00| 0 eng d
082 _a828.912
_bSAR
100 _cJean-Paul Sartre
245 _aThree Plays
_bPenguin Plays
_cThe trojan women
260 _bPenguin Books
300 _a347p
942 _2ddc
_cBK
999 _c771
_d771